000 00595nam a2200181Ia 4500
008 151018s9999 xx 000 0 und d
082 _bRBASDV39637
_a920
100 _aनीलिमा बोरवनकर
245 _aस्वत :विषयी
250 _b1
260 _bउन्मेष प्रकाशन पुणे
_c2003
300 _a235
600 _aनीलिमा बोरवनकर
630 _aस्वत :विषयी
700 _aनीलिमा बोरवनकर
730 _aस्वत :विषयी
942 _cBOOK
999 _c1038923
_d1038920